00240nam a2200109Ia 4500008004100000020001800041082001400059100001200073245002400085260001200109500000900121260604s9999 xx 000 0 und d a9788197429378 a808.3 BLU aBLUEONE 0aIts always pays off bBLUEONE aPays